000 00733nam a22001697a 4500
003 UA-OsUOA
001 16893
007 ta
008 20040202b un ||||| |||| 00| 0 ukr d
942 _cSA
040 _aUA-OsUOA
_cUA-OsUOA
_dUA-OsUOA
245 _aВинаходи невтомного Мороза
_b[Три нові винаходи в галузі хірург. урології розробив і запатентував відомий на Рівненщині уролог М.Мороз, який працює в обл. клініч. лікарні]
300 _aС.2
955 _a0
773 0 _w0
_tВісті Рівненщини
_dРівне
_d2004
_g№7/8/23 cіч./
650 7 _aКраєзнавча робота
_2UDC
999 _c303061
_d303061